Central Library OPAC University of Rajshahi

মধুসূধন রচনাবলী : (Record no. 86382)

MARC details
000 -LEADER
fixed length control field 01137nam a2200253 a 4500
001 - CONTROL NUMBER
control field 86382
003 - CONTROL NUMBER IDENTIFIER
rucl marc code BD-RjUL
005 - DATE AND TIME OF LATEST TRANSACTION
control field 20260421152937.0
008 - FIXED-LENGTH DATA ELEMENTS--GENERAL INFORMATION
fixed length control field 260421r20241999|||||||| |||| 00| 0 ben d
020 ## - INTERNATIONAL STANDARD BOOK NUMBER
International Standard Book Number 9788185626162
035 ## - SYSTEM CONTROL NUMBER
System control number (BD-RjUL)86382
040 ## - CATALOGING SOURCE
Original cataloging agency BD-RjUL
Language of cataloging eng
Transcribing agency BD-RjUL
041 ## - LANGUAGE CODE
Language code of text/sound track or separate title ben
082 ## - DEWEY DECIMAL CLASSIFICATION NUMBER
Edition number 23
Classification number 891.4408
Author mark and year DUM 2024
100 ## - MAIN ENTRY--PERSONAL NAME
Personal name দত্ত, মাইকেল মধুসূদন
9 (RLIN) 1604
245 ## - TITLE STATEMENT
Title মধুসূধন রচনাবলী :
Remainder of title ইংরেজি সহ সমগ্র রচনা একখণ্ডে /
Statement of responsibility, etc. ক্ষেত্র গুপ্ত সম্পাদিত
250 ## - EDITION STATEMENT
Edition statement ৫ম সংশোধিত ও পরিবর্ধিত সং.
260 ## - PUBLICATION, DISTRIBUTION, ETC. (IMPRINT)
Place of publication, distribution, etc. কলিকাতা :
Name of publisher, distributor, etc. সাহিত্য সংসদ,
Date of publication, distribution, etc. ১৯৯৯,[মুদ্রণ ২০২৪]
300 ## - PHYSICAL DESCRIPTION
Pagination ৭৬৬ পৃ.;
Size ২২ সেমি.
650 ## - SUBJECT ADDED ENTRY--TOPICAL TERM
Topical term or geographic name as entry element বাংলা সাহিত্য
General subdivision সংগৃহীত রচনাবলী
9 (RLIN) 3189
Topical term or geographic name as entry element Bengali Literature
General subdivision Collected works
9 (RLIN) 3190
700 ## - ADDED ENTRY--PERSONAL NAME
Personal name গুপ্ত, ক্ষেত্র
942 ## - ADDED ENTRY ELEMENTS (KOHA)
Source of classification or shelving scheme Dewey Decimal Classification
Koha item type Books
Holdings
Lost status Source of classification or shelving scheme Damaged status Not for loan Collection code Permanent Location Current Location Shelving location Date acquired Source of acquisition Cost, normal purchase price Total Checkouts Full call number Date last seen Copy number Koha item type
  Dewey Decimal Classification   Not For Loan Non-fiction Central Library, University of Rajshahi Central Library, University of Rajshahi Reading Room 08/04/2026 Omni Concept, Dhaka 1125.00   B 891.4408 DUM 2024 21/04/2026 C-1 Books
  Dewey Decimal Classification     Non-fiction Central Library, University of Rajshahi Central Library, University of Rajshahi General Stacks 08/04/2026 Omni Concept, Dhaka 1125.00   B 891.4408 DUM 2024 21/04/2026 C-2 Books
  Dewey Decimal Classification     Non-fiction Central Library, University of Rajshahi Central Library, University of Rajshahi General Stacks 08/04/2026 Omni Concept, Dhaka 1125.00   B 891.4408 DUM 2024 21/04/2026 C-3 Books
  Dewey Decimal Classification     Non-fiction Central Library, University of Rajshahi Central Library, University of Rajshahi General Stacks 08/04/2026 Omni Concept, Dhaka 1125.00   B 891.4408 DUM 2024 21/04/2026 C-4 Books
  Dewey Decimal Classification     Non-fiction Central Library, University of Rajshahi Central Library, University of Rajshahi General Stacks 08/04/2026 Omni Concept, Dhaka 1125.00   B 891.4408 DUM 2024 21/04/2026 C-5 Books